01471nam a2200457 i 450000100060000000300090000600500170001500800390003201500170007102000150008804000280010304100080013104600090013908000150014808000110016308000190017408000100019308000120020310000400021524501020025526000650035730000390042233600270046133700540048833800290054238000160057138000270058738500370061438800140065138800140066550400140067961000090069364800140070265000300071665100110074665500300075765800510078770000430083871000340088185600980091539853KOSZ 00520240405063130.0010212s2000 pl a f f |000 0 pol aPB 2001/2582 a8301132302 aWA NcWA NdKOSZ 005/HR0 apol k2000 a327(4)"19" a327.51 a355.3(100-622) a061.1 a(075.8)1 aCziomer, Erhardd(1940-2020)eAutor10aZarys współczesnych stosunków międzynarodowych /cErhard Cziomer, Lubomir W. Zyblikiewicz. aWarszawa ;aKraków :bWydaw. Naukowe PWN. Oddział,c2000. a364, [3] s. :bil., mapy ;c24 cm. 2rdacontentaTekstbtxt 2rdamediaaBez urządzenia pośredniczącegobn 2rdacarrireraWoluminbnc aKsiążki aPublikacje dydaktyczne mPoziom nauczaniaaSzkoły wyzsze a1901-2000 a1989-2000 aBibliogr.24aNATO 4a1901-2000 4aPolityka międzynarodowa 4aEuropa 4aPodręczniki akademickie aPolityka, politologia, administracja publiczna1 aZyblikiewicz, Lubomird(1943- )eAutor2 aWydawnictwo Naukowe PWN4pbl. uhttp://koha.tu.koszalin.pl/cgi-bin/koha/opac-detail.pl?biblionumber=39853yKatalog online BPK